La mala hora

Representa los conflictos de los años 60 en Colombia. El ambiente tenso y la violencia colectiva se ve exaltada debido a los roces políticos de los movimientos de ese entonces. Inicia con el asesinato aparentemente ejecutado por una infidelidad que fue anunciado en las puertas de las casas del puebl...

Descrizione completa

Salvato in:
Dettagli Bibliografici
Autore principale: García Márquez, Gabriel
Natura: Libro
Lingua:Undetermined
Pubblicazione: México, Distrito Federal Ediciones ERA S.A. 1967
Edizione:2
Soggetti:
Tags: Aggiungi Tag
Nessun Tag, puoi essere il primo ad aggiungerne!!

MARC

LEADER 00000nam a2200000Ia 4500
008 170316s9999 xx 000 0 und d
040 |a cru BVZT 
090 |a 860 G-12m 
100 |a García Márquez, Gabriel  |9 985 
245 |a La mala hora 
250 |a 2 
260 |a México, Distrito Federal 
260 |b Ediciones ERA S.A. 
260 |c 1967 
300 |a 200 páginas 
520 |a Representa los conflictos de los años 60 en Colombia. El ambiente tenso y la violencia colectiva se ve exaltada debido a los roces políticos de los movimientos de ese entonces. Inicia con el asesinato aparentemente ejecutado por una infidelidad que fue anunciado en las puertas de las casas del pueblo. 
650 |a LITERATURA LATINOAMERICANA  |9 15 
999 |c 8709  |d 8709 
942 |c 4 D  |h 860 G-12m  |2 z